| 000 | 00646cam a2200217 4500 | ||
|---|---|---|---|
| 001 | B1952 | ||
| 008 | 090401t1984 xxu||||| |||| 00| 0 eng d | ||
| 035 | _a(Sirsi) u47266 | ||
| 041 | _aeng | ||
| 050 | _a333.33 | ||
| 110 |
_aVickers da Costa Ltd _92648 |
||
| 245 | _aProperty sector review. - No. 10 (September 1978) - No. 25 (September 1984) | ||
| 260 |
_aLondon _bVickers da Costa Ltd _c1978-1984 |
||
| 300 | _a13v. : ill. ; 30cm. | ||
| 350 | _a0 | ||
| 520 | _aLacks Nos 16-17, 23. - Nos 10-20 entitled Property Quarterly Review. | ||
| 650 | _aPROPERTY COMPANIES | ||
| 650 | _aPROPERTY INVESTMENT | ||
| 942 | _n0 | ||
| 948 | _c04/03/1997 | ||
| 999 |
_c92090 _d92090 |
||